000 00620nam a2200181Ia 4500
008 090124s9999 xx 000 0 und d
082 _b10932
_a1215
100 _aभावे शि.गो.
245 _a करुण नाट्यांतील कांही नायक
250 _a1
260 _c1960
300 _a752
600 _aभावे शि.गो.
630 _a करुण नाट्यांतील कांही नायक
700 _aभावे शि.गो.
730 _a करुण नाट्यांतील कांही नायक
942 _cBOOK
999 _c125079
_d125079